[Event "Politiken"]
[Site "Copenhagen DEN"]
[Date "1996.06.27"]
[Round "5"]
[White "Baburin, A"]
[Black "Rozentalis, E"]
[Result "1/2-1/2"]
[WhiteElo "2505"]
[BlackElo "2605"]

1. d4 Nf6 2. c4 e6 3. Nc3 Bb4 4. Qc2 O-O 5. a3 Bxc3+ 6. Qxc3 b6 7. Bg5 Ba6
8. e3 d6 9. Bd3 Nbd7 10. Ne2 c5 11. b4 h6 12. Bh4 cxd4 13. exd4 Rc8 14. Qb3
e5 15. b5 Bb7 16. O-O e4 17. Bb1 Qc7 18. Ba2 d5 19. Qa4 Qb8 20. Bg3 Qa8 21.
Nc3 Rfe8 22. Rfe1 dxc4 23. Bxc4 Nd5 24. Rac1 Nxc3 25. Rxc3 Nf6 26. Rec1 Nd5
27. R3c2 Rcd8 28. Qb3 Rd7 29. Be5 Qd8 30. Qg3 Qg5 31. Bxd5 Bxd5 1/2-1/2

[Event "Politiken"]
[Site "Copenhagen DEN"]
[Date "1996.06.27"]
[Round "5"]
[White "Lejlic, S"]
[Black "Ksieski, Z"]
[Result "0-1"]
[WhiteElo "2420"]
[BlackElo "2400"]

1. e4 c5 2. Nf3 e6 3. d4 cxd4 4. Nxd4 Nc6 5. Nc3 d6 6. Be3 Nf6 7. f3 Be7 8.
Qd2 O-O 9. g4 d5 10. exd5 Nxd5 11. Nxd5 Qxd5 12. Kf2 Rd8 13. Nb3 Qe5 14.
Qc1 a5 15. a4 Nb4 16. Bf4 Bh4+ 17. Kg2 Qf6 18. Bc7 Rd7 19. Bg3 b6 20. c3
Bg5 21. Qb1 Bb7 22. Be2 Nd5 23. h3 h5 24. h4 Bf4 25. gxh5 Bxg3 26. Kxg3
Qe5+ 27. Kf2 Qe3+ 28. Kf1 Nf4 29. Qe1 Bxf3 0-1

[Event "Politiken"]
[Site "Copenhagen DEN"]
[Date "1996.06.27"]
[Round "5"]
[White "Lynge, M"]
[Black "Wolski, T"]
[Result "0-1"]
[WhiteElo "2170"]
[BlackElo "2310"]

1. d4 d5 2. c4 c6 3. Nc3 e6 4. Nf3 dxc4 5. a4 Bb4 6. Bd2 a5 7. e3 b5 8.
axb5 Bxc3 9. bxc3 cxb5 10. Qb1 Ba6 11. Be2 Nd7 12. O-O Qc7 13. e4 Ne7 14.
Ng5 h6 15. Nh3 e5 16. dxe5 Nxe5 17. f4 Rd8 18. Be3 Nd3 19. Rd1 O-O 20. g3
Qc6 21. Nf2 Nf5 22. exf5 Bb7 0-1

[Event "Politiken"]
[Site "Copenhagen DEN"]
[Date "1996.06.27"]
[Round "5"]
[White "Lobejko, R"]
[Black "Hvenekilde, J"]
[Result "1-0"]
[WhiteElo "2215"]
[BlackElo "2315"]

1. d4 d5 2. c4 e5 3. dxe5 d4 4. Nf3 Nc6 5. g3 Nge7 6. Bg2 Ng6 7. O-O Be7 8.
b3 Bg4 9. Bb2 Bxf3 10. exf3 Ngxe5 11. f4 Ng6 12. Bxc6+ bxc6 13. Bxd4 O-O
14. Nc3 Qd7 15. Be3 Qf5 16. Qf3 Bf6 17. Rac1 Qa5 18. Na4 Ne7 19. Rcd1 Rfe8
20. Bc5 h6 21. Rfe1 Nf5 22. Rxe8+ Rxe8 23. Qxc6 Re1+ 24. Kg2 1-0

[Event "Politiken"]
[Site "Copenhagen DEN"]
[Date "1996.06.27"]
[Round "5"]
[White "Kania, A"]
[Black "Rossen, C"]
[Result "1/2-1/2"]
[WhiteElo "2275"]
[BlackElo "2080"]

1. d4 Nf6 2. c4 c5 3. e3 g6 4. Nf3 Bg7 5. Nc3 O-O 6. Be2 b6 7. O-O cxd4 8.
exd4 d5 9. cxd5 Bb7 10. Re1 Nxd5 11. Bc4 Nxc3 12. bxc3 Nc6 13. Qe2 Na5 14.
Bb5 a6 15. Bd3 Rc8 16. Ba3 Re8 17. Rac1 b5 18. Ne5 1/2-1/2

[Event "Politiken"]
[Site "Copenhagen DEN"]
[Date "1996.06.27"]
[Round "5"]
[White "Hansen, GW"]
[Black "Thorfinnsson, B"]
[Result "1-0"]
[WhiteElo "2295"]
[BlackElo "2155"]

1. e4 c5 2. Nf3 d6 3. g3 Nc6 4. Bg2 g6 5. O-O Bg7 6. d3 e6 7. c3 Nge7 8.
Bg5 h6 9. Be3 O-O 10. a4 b6 11. Na3 Kh7 12. Nh4 f5 13. f4 Rb8 14. Qc2 a6
15. Rad1 Bd7 16. exf5 gxf5 17. Nf3 Qe8 18. b3 Nd5 19. Bd2 b5 20. axb5 axb5
21. Rfe1 Qf7 22. c4 bxc4 23. dxc4 Nf6 24. Bc3 Ne4 25. Bxg7 Qxg7 26. Rxe4
Nb4 27. Qb1 fxe4 28. Qxe4+ Kg8 29. Rxd6 Rbd8 30. Ne5 Bc6 31. Rxc6 Nxc6 32.
Nxc6 Qa1+ 33. Bf1 Rd1 34. Qg6+ Kh8 35. Qxh6+ Kg8 36. Qxe6+ Kh7 37. Qe7+ Kg8
38. Qg5+ Kh7 39. Qh5+ Kg7 40. Qe5+ Qxe5 41. Nxe5 Ra8 42. Nc2 Ra2 43. Ne3
Rb1 44. g4 Rxb3 45. Nf5+ Kg8 46. g5 Rbb2 47. Nh6+ Kh8 48. Nhg4 Rd2 49. f5
Rd4 50. f6 Rd1 51. g6 Raa1 52. Nf7+ Kg8 53. Ngh6+ 1-0

[Event "Politiken"]
[Site "Copenhagen DEN"]
[Date "1996.06.27"]
[Round "5"]
[White "Nilsson, L"]
[Black "Kristensen, L"]
[Result "0-1"]
[WhiteElo "2200"]
[BlackElo "2360"]

1. e4 c6 2. c4 d6 3. Nf3 Nd7 4. d4 e5 5. Nc3 Ngf6 6. h3 Be7 7. Be3 O-O 8.
Qd2 a6 9. a4 Qa5 10. Bd3 b5 11. b4 Qxb4 12. axb5 Bb7 13. Ra4 Qb3 14. Bc2
Qb2 15. Nd1 Nxe4 16. Nxb2 Nxd2 17. Bxd2 axb5 18. cxb5 cxb5 19. Rxa8 Rxa8
20. Bb1 Ra1 21. O-O e4 22. Ng5 d5 23. h4 h6 24. Nh3 Ba3 25. Nd3 exd3 26.
Bxd3 Rxf1+ 27. Kxf1 b4 28. Ke1 b3 29. Nf4 Nb6 30. Ne2 Na4 31. Nc1 Ba6 32.
Bb1 Bc4 33. Nd3 Kf8 34. Ba5 Ke8 35. Kd2 h5 36. Ne5 Bf1 37. g4 hxg4 38. Nxg4
Bb2 39. Ne3 Bh3 40. Kd3 Be6 41. h5 Bc1 42. f4 Bxe3 43. Kxe3 Nb2 44. Bc3
Nd1+ 45. Kd2 Nxc3 46. Kxc3 Bg4 47. Kxb3 Kd7 48. Kc3 Ke6 49. Kd2 Bxh5 50.
f5+ Kf6 51. Ke3 Kg5 52. Ba2 Kxf5 53. Bxd5 g5 54. Bc6 f6 55. Bd7+ Kg6 56.
Ke4 Kf7 57. d5 Bg6+ 58. Kd4 Ke7 59. Bc8 Kd6 60. Be6 Bh5 61. Ke4 Bg6+ 62.
Kd4 Bc2 63. Kc3 Bd1 64. Kd3 Ke5 65. Bf7 Bb3 66. d6 Ba4 67. Ke3 Kxd6 68. Kd4
Bc2 0-1

[Event "Politiken"]
[Site "Copenhagen DEN"]
[Date "1996.06.27"]
[Round "5"]
[White "Mortensen, E"]
[Black "Hansen, Cu"]
[Result "0-1"]
[WhiteElo "2430"]
[BlackElo "2615"]

1. e4 c5 2. Nf3 d6 3. d4 cxd4 4. Nxd4 Nf6 5. Nc3 a6 6. Be2 e6 7. O-O Nbd7
8. f4 b5 9. Bf3 Bb7 10. e5 Bxf3 11. Nxf3 Ng4 12. Qe2 b4 13. Ne4 d5 14. Neg5
Qb6+ 15. Kh1 h6 16. Nh3 Rc8 17. a3 bxa3 18. b3 g6 19. Nf2 Nxf2+ 20. Qxf2
Bc5 21. Qe2 h5 22. Bxa3 O-O 23. Bxc5 Nxc5 24. g4 hxg4 25. Ng5 Ne4 26. Nxe4
dxe4 27. Qxe4 Rc3 28. Rad1 Rd8 29. Qg2 Kg7 30. Qxg4 Rxc2 31. Qg5 Qb7+ 32.
Kg1 Qa7+ 33. Kh1 Qa8+ 34. Kg1 Qa7+ 35. Kh1 Qb7+ 36. Kg1 Qb6+ 37. Kh1 Qc6+
38. Kg1 Qc5+ 39. Kh1 Qc6+ 40. Kg1 Rdd2 41. Rxd2 Rxd2 42. Qg3 Qd5 43. Qf3
Qd4+ 44. Kh1 Rd3 45. Qb7 a5 46. Kg2 Rd2+ 47. Kg3 Qd3+ 48. Qf3 Qc2 49. Re1
Rxh2 50. Rc1 Qxc1 51. Kxh2 Qd2+ 52. Kh3 Qd4 53. Kg4 Qb2 54. Kh3 Qc2 55. Qe3
Qd1 56. Kg3 Qc2 57. Kh3 Qb2 58. Kg3 Qb1 59. Qc3 Qg1+ 60. Kf3 Qf1+ 61. Kg3
Qb5 62. Qe3 Qd5 63. Kf2 Qh1 64. Kg3 Qb1 65. Qc3 Kh6 66. Qxa5 Qxb3+ 67. Kf2
Qd3 68. Qc7 Qf5 69. Ke3 Kh5 70. Qd8 g5 71. Qh8+ Kg4 72. fxg5 Qxg5+ 73. Ke4
Qh5 74. Qb8 Qf5+ 75. Ke3 Qf4+ 76. Kd3 Kf5 77. Qc7 Qe4+ 78. Kd2 Qd5+ 79. Kc2
Qg2+ 80. Kb3 Qf3+ 81. Kb2 Qe2+ 82. Kb1 Qxe5 83. Qxf7+ Ke4 84. Qf1 Qc3 85.
Qe2+ Qe3 86. Qg4+ Kd3 87. Qg6+ Qe4 88. Qg3+ Kd2+ 89. Ka1 Qe1+ 90. Qxe1+
Kxe1 0-1

[Event "Politiken"]
[Site "Copenhagen DEN"]
[Date "1996.06.27"]
[Round "5"]
[White "Christensen, To"]
[Black "Hansen, Lars"]
[Result "1/2-1/2"]
[WhiteElo "2405"]
[BlackElo "2250"]

1. e4 e6 2. Nf3 d5 3. exd5 exd5 4. d4 Bd6 5. c4 c6 6. Nc3 Ne7 7. Bd3 dxc4
8. Bxc4 O-O 9. O-O Nd7 10. Bg5 Nb6 11. Bb3 Kh8 12. Bxe7 Qxe7 13. Re1 Qc7
14. Qd3 f6 15. Ne4 Bf5 16. Nh4 Bxe4 17. Rxe4 Nd5 18. Qh3 Qf7 19. Nf5 Rad8
20. Rae1 Bb4 21. R1e2 Rfe8 22. a3 Rxe4 23. Rxe4 Re8 24. Qf3 Bf8 25. g3 Rxe4
26. Qxe4 Nc3 27. Qc2 Nd5 28. Qc4 g6 29. Ne3 Qd7 30. Nxd5 cxd5 31. Qxd5 Qxd5
32. Bxd5 b6 33. Kf1 Kg7 34. Ke2 Bd6 35. Kd3 Kf8 36. Kc4 a6 37. Bb7 a5 38.
Kb5 Bc7 39. Kc6 Bd8 40. Kd7 Be7 41. Bc6 f5 42. Kc7 Bf6 43. d5 Bxb2 44. d6
Bxa3 45. d7 Be7 46. d8=Q+ Bxd8+ 47. Kxd8 g5 48. Kc7 Ke7 49. Kxb6 Kd6 50.
Ba4 Ke5 51. f3 h5 52. Kc5 f4 53. Bc6 fxg3 54. hxg3 h4 55. f4+ gxf4 56. gxh4
1/2-1/2

[Event "Politiken"]
[Site "Copenhagen DEN"]
[Date "1996.06.27"]
[Round "5"]
[White "Fries Nielsen, JO"]
[Black "Jelling, E"]
[Result "1/2-1/2"]
[WhiteElo "2420"]
[BlackElo "2415"]

1. d4 d5 2. Bg5 c6 3. e3 Qb6 4. Qc1 h6 5. Bh4 Bf5 6. Nf3 e6 7. Bd3 Nd7 8.
Bxf5 exf5 9. O-O Ngf6 10. c4 dxc4 11. Nbd2 Be7 12. Nxc4 Qb5 13. Nfe5 Qd5
14. f3 O-O 15. Qc2 Qe6 16. Rfe1 Rad8 17. Nd3 Nd5 18. Bxe7 Qxe7 19. e4 fxe4
20. fxe4 Nb4 21. Nxb4 Qxb4 22. a3 Qe7 23. Ne3 g6 24. Rad1 Rfe8 25. e5 Qe6
26. Nc4 Nf6 27. Nd6 Re7 28. Ne4 Nd5 29. Qc1 Kg7 30. Rf1 Rf8 31. Nf6 Rc7 32.
Rd3 Rh8 33. Rdf3 Rf8 34. Rh3 Rh8 35. Rhf3 Rf8 36. Rh3 Rh8 37. Rg3 Re7 38.
Ne4 Rc7 39. Nd6 Kf8 40. Rgf3 f5 41. b4 Kg7 42. h4 f4 43. Rxf4 Nxf4 44. Qxf4
Rd7 45. h5 gxh5 46. Rf3 Rg8 47. Ne4 Rxd4 48. Rg3+ Kh8 49. Rxg8+ Qxg8 50.
Qxh6+ Qh7 51. Qf8+ Qg8 52. Qh6+ 1/2-1/2

[Event "Politiken"]
[Site "Copenhagen DEN"]
[Date "1996.06.27"]
[Round "5"]
[White "Lyrberg, P"]
[Black "Jakobsen, O"]
[Result "0-1"]
[WhiteElo "2425"]
[BlackElo "2390"]

1. Nf3 e6 2. g3 f5 3. Bg2 Nf6 4. O-O Be7 5. d3 O-O 6. Nc3 d6 7. e4 fxe4 8.
dxe4 e5 9. Nh4 c6 10. h3 Ne8 11. Nf3 Be6 12. a4 a5 13. Be3 Nd7 14. Kh2 Nc7
15. Qe2 d5 16. exd5 cxd5 17. Nxe5 Nxe5 18. Bb6 Ra6 19. Bxc7 Qxc7 20. Nb5
Qb8 21. f4 Ng6 22. Rae1 Bc5 23. Qd3 Bf7 24. Bxd5 Rf6 25. Rd1 Kh8 26. Bg2 b6
27. Rfe1 Ne7 28. Re5 Nc6 29. Ree1 Bh5 30. Rd2 Rd8 0-1

[Event "Politiken"]
[Site "Copenhagen DEN"]
[Date "1996.06.27"]
[Round "5"]
[White "Borge, N"]
[Black "Hartman, C"]
[Result "0-1"]
[WhiteElo "2455"]
[BlackElo "2370"]

1. e4 e5 2. Nf3 Nc6 3. Bb5 a6 4. Ba4 Nf6 5. O-O Nxe4 6. d4 b5 7. Bb3 d5 8.
dxe5 Be6 9. Nbd2 Nc5 10. c3 Be7 11. Bc2 Bg4 12. Re1 d4 13. h3 Bh5 14. Ne4
d3 15. Nxc5 dxc2 16. Qxd8+ Rxd8 17. Nb3 Bxf3 18. gxf3 a5 19. a4 Rd1 20. Be3
Rxe1+ 21. Rxe1 Nxe5 22. Nd4 c5 23. Nxb5 Nxf3+ 24. Kf1 Nxe1 25. Kxe1 Kd7 26.
Kd2 h5 27. Na3 g5 28. f3 f5 29. Nc4 Ke6 30. Kxc2 g4 31. fxg4 hxg4 32. hxg4
fxg4 33. Kd3 g3 34. Ke2 Kd5 35. b3 Bf6 36. Bd2 Rh4 37. Kd3 Bd8 38. Be1 Bc7
39. Ne3+ Ke6 40. Ke2 Rh2+ 41. Kf3 Rb2 0-1

[Event "Politiken"]
[Site "Copenhagen DEN"]
[Date "1996.06.27"]
[Round "5"]
[White "Johansen, Te"]
[Black "Schultz Pedersen, J"]
[Result "1-0"]
[WhiteElo "2375"]
[BlackElo "2215"]

1. d4 Nc6 2. Nf3 e6 3. g3 Nf6 4. Bg2 Be7 5. O-O O-O 6. Nbd2 d5 7. b3 a5 8.
a4 Bd7 9. Bb2 Qb8 10. c4 Rd8 11. Qb1 Be8 12. e4 Qa7 13. Rd1 Nb4 14. exd5
exd5 15. Ne5 c5 16. Ndf3 Rac8 17. Bf1 Nc6 18. cxd5 Nxd5 19. Bc4 cxd4 20.
Nxc6 Bxc6 21. Bxd4 Bc5 22. Qf5 g6 23. Qg5 Bxd4 24. Rxd4 1-0

[Event "Politiken"]
[Site "Copenhagen DEN"]
[Date "1996.06.27"]
[Round "5"]
[White "Bogdanovich, G"]
[Black "Akesson, R"]
[Result "0-1"]
[WhiteElo "2375"]
[BlackElo "2505"]

1. d4 Nf6 2. Nf3 e6 3. e3 b6 4. Nbd2 Bb7 5. Bd3 c5 6. O-O cxd4 7. exd4 Be7
8. Qe2 O-O 9. Ne4 Nxe4 10. Bxe4 Bxe4 11. Qxe4 d5 12. Qg4 Nc6 13. c3 b5 14.
Re1 Rc8 15. a3 a5 16. Bh6 Bf6 17. Bg5 Bxg5 18. Nxg5 h6 19. Nh3 b4 20. axb4
axb4 21. Nf4 bxc3 22. bxc3 Qg5 23. Qxg5 hxg5 24. Nd3 Ne7 25. Nc5 Ra8 26.
Rac1 Nf5 27. g3 Ra2 28. Red1 Nd6 29. h3 Rfa8 30. Kg2 R8a3 31. Rd3 Rb2 32.
Rf3 Raa2 33. Nd3 Rc2 34. Rxc2 Rxc2 35. Nb4 Rc1 36. Nc6 Kf8 37. g4 Ke8 0-1

[Event "Politiken"]
[Site "Copenhagen DEN"]
[Date "1996.06.27"]
[Round "5"]
[White "Emms, J"]
[Black "Tukmakov, V"]
[Result "1-0"]
[WhiteElo "2500"]
[BlackElo "2595"]

1. e4 c5 2. c3 Nf6 3. e5 Nd5 4. Nf3 Nc6 5. Bc4 Nb6 6. Bb3 g6 7. d4 cxd4 8.
Ng5 d5 9. exd6 e6 10. Qf3 Ne5 11. Qe4 Qxd6 12. cxd4 Nc6 13. O-O Bg7 14. Rd1
O-O 15. Nc3 Qe7 16. Nf3 Na5 17. d5 Rd8 18. Bf4 Nxb3 19. axb3 Bd7 20. Bc7
Rdc8 21. d6 Qe8 22. Ne5 Bxe5 23. Qxe5 Bc6 24. Bxb6 axb6 25. d7 Bxd7 26.
Rxa8 Rxa8 27. Ne4 1-0

[Event "Politiken"]
[Site "Copenhagen DEN"]
[Date "1996.06.27"]
[Round "5"]
[White "Andersen, OB"]
[Black "Zakariasen, P"]
[Result "1-0"]
[WhiteElo "2110"]
[BlackElo "2005"]

1. d4 Nf6 2. c4 g6 3. Nc3 Bg7 4. e4 d6 5. f3 O-O 6. Be3 e5 7. Nge2 Nbd7 8.
Qd2 a6 9. O-O-O Re8 10. d5 b5 11. g4 Nc5 12. Ng3 Nfd7 13. h4 Bf6 14. Qh2
Nf8 15. Bh6 Ncd7 16. cxb5 axb5 17. Bxb5 Ra5 18. Rdg1 Ba6 19. Bxa6 Rxa6 20.
Nf5 Nc5 21. g5 Be7 22. Ng7 Nd3+ 23. Kc2 Nb4+ 24. Kb1 Qa8 25. Nxe8 Qxe8 26.
Bxf8 Bxf8 27. h5 Bg7 28. hxg6 hxg6 29. Rg3 Kf8 30. Rh3 Ke7 31. Rh7 Qf8 32.
Qh3 Rb6 33. Rxg7 Qxg7 34. Qc8 Na6 35. Rh8 1-0

[Event "Politiken"]
[Site "Copenhagen DEN"]
[Date "1996.06.27"]
[Round "5"]
[White "Hodgson, Ju"]
[Black "Olsen, H"]
[Result "1-0"]
[WhiteElo "2615"]
[BlackElo "2325"]

1. d4 Nf6 2. Bg5 d5 3. e3 e6 4. Nd2 Be7 5. Bd3 c5 6. c3 Nc6 7. f4 Qb6 8.
Rb1 Bd7 9. Ngf3 O-O-O 10. Ne5 Nxe5 11. fxe5 Ng8 12. Bxe7 Nxe7 13. O-O Nf5
14. Qf3 Bb5 15. dxc5 Qxc5 16. Nb3 Qb6 17. Bxb5 Qxb5 18. Nd4 Nxd4 19. exd4
Rd7 20. Qg3 g6 21. Rf2 Re8 22. Rbf1 Ree7 23. Qe3 h5 24. Qh6 Qa5 25. Qf8+
Qd8 26. Rxf7 1-0

[Event "Politiken"]
[Site "Copenhagen DEN"]
[Date "1996.06.27"]
[Round "5"]
[White "Wells, P"]
[Black "Maksimenko, A"]
[Result "0-1"]
[WhiteElo "2495"]
[BlackElo "2545"]

1. d4 d5 2. c4 dxc4 3. Nf3 Nf6 4. e3 e6 5. Bxc4 c5 6. Qe2 a6 7. dxc5 Bxc5
8. e4 b5 9. Bb3 Bb7 10. Bc2 Nc6 11. Nbd2 Qc7 12. O-O Rc8 13. e5 Nd4 14.
Nxd4 Bxd4 15. exf6 Qxc2 16. fxg7 Rg8 17. Qh5 Rxg7 18. Nf3 Qe2 19. Bg5 Bxf3
20. gxf3 Bf6 21. h4 Bxg5 22. hxg5 Rc5 0-1

[Event "Politiken"]
[Site "Copenhagen DEN"]
[Date "1996.06.27"]
[Round "5"]
[White "Brinck Claussen, B"]
[Black "Kosebay, O"]
[Result "1/2-1/2"]
[WhiteElo "2380"]
[BlackElo "2220"]

1. e4 e5 2. Nf3 Nf6 3. Nxe5 d6 4. Nf3 Nxe4 5. d4 d5 6. Bd3 Bd6 7. O-O O-O
8. c4 c6 9. cxd5 cxd5 10. Nc3 Nxc3 11. bxc3 Bg4 12. Bb1 Bh5 13. Qc2 Bg6 14.
Qb3 b6 15. Bxg6 hxg6 16. c4 dxc4 17. Qxc4 Qc8 18. Qb3 Qf5 19. Bd2 Nc6 20.
Rac1 Ne7 21. Rfe1 Qd5 22. Qb2 1/2-1/2

[Event "Politiken"]
[Site "Copenhagen DEN"]
[Date "1996.06.27"]
[Round "5"]
[White "Larsen, Pet"]
[Black "Sorensen, H"]
[Result "1/2-1/2"]
[WhiteElo "2085"]
[BlackElo "2245"]

1. e4 c6 2. d4 d5 3. Nd2 dxe4 4. Nxe4 Nf6 5. Nxf6+ gxf6 6. c3 Bf5 7. Nf3
Qc7 8. g3 e6 9. Bf4 Bd6 10. Bxd6 Qxd6 11. Bg2 Nd7 12. O-O O-O 13. Nh4 Bg6
14. f4 f5 15. Qe2 Rfd8 16. Rad1 Nf6 17. Bf3 Rd7 18. Qe5 Qe7 19. Rfe1 Rc8
20. c4 b6 21. b4 Ne4 22. Nxg6 hxg6 23. Bxe4 f6 24. Qxe6+ Qxe6 25. Bd5 Qxd5
26. cxd5 cxd5 27. Kf2 Rc2+ 28. Re2 Rdc7 29. Rd3 Rxe2+ 1/2-1/2

[Event "Politiken"]
[Site "Copenhagen DEN"]
[Date "1996.06.27"]
[Round "5"]
[White "Sher, M"]
[Black "Schandorff, L"]
[Result "1/2-1/2"]
[WhiteElo "2500"]
[BlackElo "2485"]

1. c4 e5 2. g3 Nc6 3. Bg2 f5 4. Nc3 Nf6 5. e3 g6 6. Nge2 Bg7 7. O-O O-O 8.
d3 Ne7 9. e4 d6 10. h3 c6 11. Kh2 Be6 12. b3 1/2-1/2

[Event "Politiken"]
[Site "Copenhagen DEN"]
[Date "1996.06.27"]
[Round "5"]
[White "Hansen, HeM"]
[Black "Christensen, Ja"]
[Result "1-0"]
[WhiteElo "2110"]
[BlackElo "2235"]

1. e4 e5 2. Nf3 Nc6 3. Bb5 Bc5 4. O-O Nd4 5. Nxd4 Bxd4 6. c3 Bb6 7. d3 Nf6
8. Nd2 O-O 9. Nc4 c6 10. Nxb6 Qxb6 11. Ba4 d5 12. exd5 Nxd5 13. Re1 f6 14.
Bb3 Re8 15. c4 1-0

[Event "Politiken"]
[Site "Copenhagen DEN"]
[Date "1996.06.27"]
[Round "5"]
[White "Sylvan, J"]
[Black "Jorgensen, S"]
[Result "1-0"]
[WhiteElo "2265"]
[BlackElo "2065"]

1. e4 c5 2. Nf3 d6 3. d4 cxd4 4. Nxd4 Nf6 5. Nc3 g6 6. Be3 Bg7 7. f3 O-O 8.
Qd2 Nc6 9. Bc4 Bd7 10. h4 h5 11. O-O-O a6 12. Bg5 b5 13. Bb3 Nxd4 14. Qxd4
a5 15. e5 Nh7 16. Qd3 Bf5 17. Ne4 Nxg5 18. hxg5 Bxe5 19. g4 hxg4 20. fxg4
Kg7 21. gxf5 gxf5 22. Rh7+ Kg8 23. Rdh1 e6 24. Qh3 Qb6 25. Rh8+ Kg7 26.
Qh6+ 1-0

[Event "Politiken"]
[Site "Copenhagen DEN"]
[Date "1996.06.27"]
[Round "5"]
[White "Ligaard, M"]
[Black "Tonning, E"]
[Result "0-1"]
[WhiteElo "2210"]
[BlackElo "2220"]

1. d4 Nf6 2. Nf3 g6 3. c4 c5 4. d5 b5 5. cxb5 a6 6. e3 Bg7 7. Nc3 e6 8. a4
exd5 9. Nxd5 Bb7 10. Nxf6+ Qxf6 11. Bc4 O-O 12. Ra3 axb5 13. Bd5 b4 14.
Bxb7 bxa3 15. Bxa8 a2 16. Bd2 Qxb2 17. O-O a1=Q 18. Qxa1 Qxa1 19. Rxa1 Bxa1
20. a5 c4 21. Bb7 c3 22. Bc1 Bb2 23. Bxb2 cxb2 24. Nd2 Nc6 25. a6 Na5 26.
Be4 Nc6 27. Kf1 Ra8 28. Nc4 Rxa6 29. Nxb2 Ra1+ 0-1

[Event "Politiken"]
[Site "Copenhagen DEN"]
[Date "1996.06.28"]
[Round "6"]
[White "Christensen, Ja"]
[Black "Ligaard, M"]
[Result "0-1"]
[WhiteElo "2235"]
[BlackElo "2210"]

1. e4 d5 2. exd5 Nf6 3. d4 Nxd5 4. c4 Nb6 5. c5 Nd5 6. Nc3 g6 7. Bc4 Nxc3
8. bxc3 Bg7 9. Nf3 O-O 10. h3 b6 11. Ba3 bxc5 12. Bxc5 Nd7 13. Bd5 Nxc5 14.
Bxa8 Ba6 15. Bc6 Qd6 16. Ba4 Nd3+ 17. Kd2 Nxf2 18. Qb3 Nxh1 19. Rxh1 c5 20.
d5 Rb8 0-1

[Event "Politiken"]
[Site "Copenhagen DEN"]
[Date "1996.06.28"]
[Round "6"]
[White "Borbjerggaard, L"]
[Black "Johansen, Te"]
[Result "1-0"]
[WhiteElo "2185"]
[BlackElo "2375"]

1. d4 d5 2. c4 c6 3. Nf3 Nf6 4. Nc3 e6 5. cxd5 exd5 6. Bg5 Be7 7. Qc2 O-O
8. e3 Nbd7 9. Bd3 Re8 10. O-O-O Nf8 11. Rdg1 Ne4 12. Bxe4 Bxg5 13. Bd3 Be7
14. g4 Be6 15. g5 Qc8 16. Ne5 b6 17. h4 c5 18. h5 c4 19. Bxh7+ Nxh7 20. g6
f5 21. gxh7+ Kxh7 22. f4 Rg8 23. Rg6 1-0

[Event "Politiken"]
[Site "Copenhagen DEN"]
[Date "1996.06.28"]
[Round "6"]
[White "Brynell, S"]
[Black "Hansen, GW"]
[Result "1-0"]
[WhiteElo "2445"]
[BlackElo "2295"]

1. e4 g6 2. d4 Bg7 3. Nc3 d6 4. Nf3 Nf6 5. h3 O-O 6. Be3 c6 7. a4 a5 8. Be2
b6 9. O-O Ba6 10. d5 Bxe2 11. Qxe2 c5 12. Nd2 Nfd7 13. Bg5 h6 14. Bh4 g5
15. Bg3 Ne5 16. Nd1 f5 17. exf5 Rxf5 18. Ne3 Rf8 19. Bxe5 Bxe5 20. Ng4 Bg7
21. Rae1 Ra7 22. Nc4 Rb7 23. b3 Qd7 24. Nge3 Qe8 25. Nf5 1-0

[Event "Politiken"]
[Site "Copenhagen DEN"]
[Date "1996.06.28"]
[Round "6"]
[White "Macieja, B"]
[Black "Fernandez Siles, L"]
[Result "1/2-1/2"]
[WhiteElo "2430"]
[BlackElo "2270"]

1. e4 c5 2. Nf3 Nc6 3. d4 cxd4 4. Nxd4 Nf6 5. Nc3 d6 6. Bc4 Qb6 7. Nb3 e6
8. Qe2 Be7 9. Be3 Qc7 10. f4 a6 11. O-O-O O-O 12. Bd3 b5 13. g4 Na5 14. g5
Nd7 15. Kb1 Nc5 16. Bxc5 dxc5 17. Nxa5 Qxa5 18. e5 Bb7 19. Ne4 Bxe4 20.
Bxe4 Rad8 21. Rd3 Rxd3 22. cxd3 c4 23. dxc4 Rd8 24. Bc2 g6 25. Rd1 Rxd1+
26. Bxd1 bxc4 27. Qxc4 Qd2 28. Be2 a5 29. a3 Kg7 30. Ka2 Qe3 1/2-1/2

[Event "Politiken"]
[Site "Copenhagen DEN"]
[Date "1996.06.28"]
[Round "6"]
[White "Stuart, E"]
[Black "Dahl Pedersen, He"]
[Result "1-0"]
[WhiteElo "2050"]
[BlackElo "2055"]

1. e4 Nf6 2. Nc3 d5 3. e5 Nfd7 4. e6 fxe6 5. d4 Nf6 6. Nf3 c5 7. dxc5 Qa5
8. Bb5+ Bd7 9. Qe2 e5 10. Bd2 d4 11. Bxd7+ Nbxd7 12. Nb5 Qd8 13. Nxe5 Nxc5
14. Qc4 e6 15. b4 Rc8 16. bxc5 Rxc5 17. Qxe6+ Qe7 18. Nd6+ Kd8 19. Nef7+
Kc7 20. Qxe7+ Bxe7 21. Nxh8 Bxd6 22. Nf7 Be7 23. Bf4+ Kd7 24. Ne5+ Ke6 25.
Nd3 Rxc2 26. O-O Ba3 27. Rab1 b6 28. Rfe1+ Kd5 29. Nb4+ Bxb4 30. Rxb4 d3
31. Rd1 a5 32. Rxd3+ Kc5 33. Rb1 Kc4 34. Rd2 Rc3 35. Be3 Ra3 36. Rxb6 Ne4
37. Rd4+ 1-0

[Event "Politiken"]
[Site "Copenhagen DEN"]
[Date "1996.06.28"]
[Round "6"]
[White "Glek, I"]
[Black "Gausel, E"]
[Result "1/2-1/2"]
[WhiteElo "2635"]
[BlackElo "2515"]

1. e4 e5 2. Nf3 Nc6 3. Nc3 Nf6 4. g3 Nd4 5. Bg2 Nxf3+ 6. Qxf3 Bc5 7. h3 d6
8. Na4 Bb6 9. Nxb6 axb6 10. O-O Be6 11. Qe3 Qd7 12. Kh2 Qc6 13. f4 Qxc2 14.
fxe5 dxe5 15. Qg5 Nxe4 16. Qxe5 Nf6 17. Bxb7 Ra5 18. Qc3 Rc5 19. Qxc2 Rxc2
20. Bf3 O-O 21. Bd1 Rc4 22. d3 Rd4 23. Bc2 Ra8 24. Bd2 Rd7 25. a4 c5 26. a5
bxa5 27. Rxa5 Rxa5 28. Bxa5 Rb7 29. Bc3 Nd5 30. Rf2 Nxc3 31. bxc3 Rb2 32.
Kg2 Ra2 33. g4 Ra3 1/2-1/2

[Event "Politiken"]
[Site "Copenhagen DEN"]
[Date "1996.06.28"]
[Round "6"]
[White "Strange, M"]
[Black "Christensen, To"]
[Result "0-1"]
[WhiteElo "2245"]
[BlackElo "2405"]

1. e4 c5 2. Nf3 e6 3. d4 d5 4. Nc3 cxd4 5. Bb5+ Bd7 6. Bxd7+ Nxd7 7. Qxd4
dxe4 8. Nxe4 Nc5 9. Nxc5 Qxd4 10. Nxd4 Bxc5 11. Be3 Nf6 12. Rd1 O-O-O 13.
Ke2 Ng4 14. Nf5 Nxe3 15. Nxe3 Rd7 16. Rxd7 Kxd7 17. Rd1+ Ke7 18. Nc4 Rc8
19. f3 b5 20. Nd2 Bd6 21. c3 Bxh2 22. Rh1 Bf4 23. Rh4 Bxd2 24. Kxd2 h6 25.
Rb4 a6 26. Kd3 Rd8+ 27. Ke3 Rd5 28. a4 Rg5 29. g4 Kd6 30. axb5 axb5 31. c4
Kc6 32. cxb5+ Rxb5 33. Rc4+ Kd6 34. b4 h5 35. gxh5 Rxh5 36. Rf4 Rf5 37.
Rxf5 exf5 38. Kf4 Ke6 39. b5 f6 40. b6 g5+ 0-1

[Event "Politiken"]
[Site "Copenhagen DEN"]
[Date "1996.06.28"]
[Round "6"]
[White "Hansen, Cu"]
[Black "Emms, J"]
[Result "1/2-1/2"]
[WhiteElo "2615"]
[BlackElo "2500"]

1. d4 Nf6 2. c4 e6 3. Nf3 c5 4. d5 d6 5. Nc3 exd5 6. cxd5 g6 7. h3 a6 8. a4
Qe7 9. Bg5 Bg7 10. e3 h6 11. Bh4 Nbd7 12. Be2 Ne5 13. Nd2 g5 14. Bg3 Bf5
15. O-O O-O 16. a5 Rae8 17. Ra3 Nfd7 18. Kh1 Bh7 19. Rb3 Rb8 20. f4 Nd3 21.
Nc4 Nb4 22. e4 b5 23. axb6 Nxb6 24. f5 Nxc4 25. Bxc4 Be5 26. Bxe5 dxe5 27.
Ra3 Rb6 28. Qe2 Rfb8 29. Rb1 Ra8 30. Rba1 Rab8 31. Rb1 Ra8 32. Rba1 Rab8
1/2-1/2

[Event "Politiken"]
[Site "Copenhagen DEN"]
[Date "1996.06.28"]
[Round "6"]
[White "Christensen, Bo"]
[Black "Hyldkrog, L"]
[Result "1-0"]
[WhiteElo "2225"]
[BlackElo "2075"]

1. c4 Nf6 2. Nc3 e6 3. e4 c5 4. e5 Ng8 5. Nf3 Nc6 6. Bd3 d6 7. exd6 Bxd6 8.
Be4 Qb6 9. Nb5 Be7 10. d4 Nf6 11. Bxc6+ bxc6 12. Nc3 Ba6 13. Qa4 O-O 14.
dxc5 Bxc5 15. O-O h6 16. a3 Rfd8 17. b4 Be7 18. Be3 Qb7 19. b5 cxb5 20.
cxb5 Qc7 21. Rac1 Bb7 22. Bf4 Qb6 23. Ne5 Rac8 24. Be3 Bc5 25. Nc4 Qc7 26.
Ne2 Bxe3 27. Nxe3 Qb8 28. Rfd1 Nd5 29. Nc4 Ba8 30. Na5 Qb6 31. Nc6 Bxc6 32.
bxc6 Rc7 33. Nd4 a6 34. Rb1 Qa7 35. Rdc1 Nc3 36. Rxc3 Rxd4 37. Qc2 Rd8 38.
Rcb3 Rdc8 39. Rb7 Rxb7 40. Rxb7 Qd4 41. g3 Qd5 42. Rb6 a5 43. c7 Qe5 44.
Rc6 g6 45. Qd2 Qd5 46. Qxd5 exd5 47. Kf1 Kf8 48. Ke2 Ke7 49. Kd3 Kd7 50.
Rc5 Kd6 51. Kd4 Ke6 52. Rc6+ Kd7 53. Kxd5 Rxc7 54. Rxc7+ Kxc7 55. Kc5 f5
56. f4 g5 57. Kb5 gxf4 58. gxf4 Kd6 59. Kxa5 Kd5 60. Kb4 Ke4 61. a4 Kxf4
62. a5 Ke3 63. a6 f4 64. a7 f3 65. a8=Q f2 66. Qa6 Kf3 67. Qf1 h5 68. Kc3
h4 69. Kd3 1-0